Statistics for Baron Corbin WWE PPV Opponents

Click here to take the quiz!

General Stats

  • This quiz has been taken 11 times
  • The average score is 85 of 112

Answer Stats

EventWrestler% Correct
Survivor Series 2021Bobby Lashley
100%
Elimination Chamber 2021Daniel Bryan
100%
Elimination Chamber 2017 | Fastlane 2019Dean Ambrose
100%
Elimination Chamber 2017 | Fastlane 2018 | SummerSlam 2017John Cena
100%
Elimination Chamber 2021 | Fastlane 2018 | Money in the Bank 2017 | +2 othersKevin Owens
100%
Crown Jewel 2019 | Fastlane 2019 | Royal Rumble 2020 | +2 othersRoman Reigns
100%
Backlash 2017 | Elimination Chamber 2021 | Fastlane 2018 | Money in the Bank 2017Sami Zayn
100%
Extreme Rules 2019 | Fastlane 2019 | Royal Rumble 2023 | +4 othersSeth Rollins
100%
Battleground 2017 | Money in the Bank 2017Shinsuke Nakamura
100%
Elimination Chamber 2017 | Survivor Series 2017The Miz
100%
Elimination Chamber 2017 | Fastlane 2018 | Hell in a Cell 2017 | +2 othersAJ Styles
88%
Extreme Rules 2019Becky Lynch
88%
Elimination Chamber 2019 | Royal Rumble 2019 | Survivor Series 2020 | TLC 2018Braun Strowman
88%
Elimination Chamber 2017Bray Wyatt
88%
Royal Rumble 2021Dominik Mysterio
88%
Money in the Bank 2019 | Royal Rumble 2020 | Royal Rumble 2022 | +2 othersDrew McIntyre
88%
Extreme Rules 2018 | Money in the Bank 2019 | Royal Rumble 2018 | +3 othersFinn Balor
88%
NXT Deadline 2023Ilja Dragunov
88%
Survivor Series 2019 | Survivor Series 2020Keith Lee
88%
WrestleMania 35Kurt Angle
88%
Takeover: Brooklyn | Takeover: RespectSamoa Joe
88%
Money in the Bank 2019Brock Lesnar
75%
Vengeance Day 2024Carmelo Hayes
75%
Clash of Champions 2017 | Fastlane 2018 | Money in the Bank 2016 | Money in the Bank 2017Dolph Ziggler
75%
WrestleMania 32Kane
75%
Survivor Series 2020Sheamus
75%
Vengeance Day 2024Trick Williams
75%
Survivor Series 2019WALTER
75%
Money in the Bank 2019Andrade
63%
NXT No Mercy 2023Bron Breakker
63%
Elimination Chamber 2021Cesaro
63%
Crown Jewel 2019 | Hell in a Cell 2019 | Takeover: RespectChad Gable
63%
WrestleMania 36Elias
63%
Elimination Chamber 2021Jey Uso
63%
Hell in a Cell 2022 | WrestleMania Backlash 2022Madcap Moss
63%
Greatest Royal Rumble 2018 | Money in the Bank 2019 | Survivor Series 2019Randy Orton
63%
Takeover: UnstoppableRhyno
63%
Crown Jewel 2019Rusev
63%
Survivor Series 2019Tommaso Ciampa
63%
Money in the Bank 2019Ali
50%
Takeover: LodonApollo Crews
50%
NXT Stand & Deliver 2023Axiom
50%
Clash of Champions 2017Bobby Roode
50%
Survivor Series 2019Damian Priest
50%
Takeover: RespectJason Jordan
50%
Payback 2020 | Survivor Series 2019Matt Riddle
50%
NXT Stand & Deliver 2023Nathan Frazer
50%
Crown Jewel 2019 | Survivor Series 2019Ricochet
50%
Money in the Bank 2019RIcochet
50%
Survivor Series 2020Riddle
50%
Crown Jewel 2019Ali
38%
Takeover: RivalBull Dempsey
38%
No Mercy 2016Jack Swagger
38%
SummerSlam 2022Pat McAfee
38%
Takeover: DallasAustin Aries
25%
Takeover: Fatal 4-WayCJ Parker
25%
NXT The Great American Bash 2023Gable Steveson
25%
TLC 2016Kalisto
25%
Royal Rumble 2017The Undertaker
25%
Survivor Series 2021Austin Theory
13%
Hell in a Cell 2017 | Takeover: R EvolutionTye Dillinger
13%

Score Distribution

Percentile by Number Answered

Percent of People with Each Score

Your Score History

You have not taken this quiz